000 00428nam a2200145 i 4500
001 79470
003 ES-MaACL
007 t|
008 041021s1954 sp ||||1| spa d
100 1 _aHernández Ramos, Juán.
_963034
245 1 4 _aLas heredades de aguas de Gran Canaria /
_cJuan Hernández Ramos.
260 _aMadrid :
_b[s.n.,
_c1954] (
_fSèz)
300 _a105 p. :
_bil. ;
_c22 cm.
852 _aES-MaACL
_jC-8745
_bR.36263
999 _c79470
_d79470